<?xml version="1.0" encoding="UTF-8"?>
<collection xmlns="http://www.loc.gov/MARC21/slim">
<record>
  <controlfield tag="001">163345</controlfield>
  <controlfield tag="005">20251028143403.0</controlfield>
  <datafield tag="024" ind1="8" ind2=" ">
    <subfield code="2">innovaciondocente</subfield>
    <subfield code="a">5333</subfield>
  </datafield>
  <datafield tag="037" ind1=" " ind2=" ">
    <subfield code="a">INNODOC-2024-5333</subfield>
  </datafield>
  <datafield tag="041" ind1=" " ind2=" ">
    <subfield code="a">spa</subfield>
  </datafield>
  <datafield tag="100" ind1=" " ind2=" ">
    <subfield code="0">(orcid)0000-0001-9936-8291</subfield>
    <subfield code="a">Jiménez López, Jorge</subfield>
    <subfield code="e">coord.</subfield>
  </datafield>
  <datafield tag="245" ind1=" " ind2=" ">
    <subfield code="a">Laboratorio de Derechos culturales y Diversidad cultural</subfield>
  </datafield>
  <datafield tag="260" ind1=" " ind2=" ">
    <subfield code="a">Zaragoza</subfield>
    <subfield code="b">Universidad de Zaragoza</subfield>
    <subfield code="c">2024</subfield>
  </datafield>
  <datafield tag="520" ind1="3" ind2=" ">
    <subfield code="a">El proyecto constituye un espacio de formación y acción en torno a la participación en la vida cultural de diversos colectivos en situación de vulnerabilidad, de tal modo que centra su trabajo en el desarrollo de las Contenencias transversales (RD1) Democracia y sostenibilidad, (UZ2) Pensamiento crítico e (UZ) Inteligencia emocional. Buena parte de las actividades se diseñan desde de la metodología de Aprendizaje y Servicio por medio de las cuales se analiza los conceptos de violencia y diversidad cultural y participación efectiva, al mismo tiempo que se realizan diversas acciones que visibilizan e intervienen en diferntes formas de conflicto. En esta cuarta edición se incorporan asignaturas de varias titulaciones y se da entrada a actividades y foros de encuentro que completan la actividad docente, de modo que se configura un espacio de reflexión y participación en el que se compromete a la comunidad universitaria, miembros del tercer sector y diversos profesionales del ámbito de la cultura comunitaria y la mediación.</subfield>
  </datafield>
  <datafield tag="700" ind1=" " ind2=" ">
    <subfield code="0">(orcid)0000-0002-4788-2421</subfield>
    <subfield code="a">Castán Chocarro, Alberto</subfield>
  </datafield>
  <datafield tag="700" ind1=" " ind2=" ">
    <subfield code="a">Rodríguez Cunchillos, Alejandra</subfield>
  </datafield>
  <datafield tag="700" ind1=" " ind2=" ">
    <subfield code="a">González Navarro, Ana</subfield>
  </datafield>
  <datafield tag="700" ind1=" " ind2=" ">
    <subfield code="0">(orcid)0000-0003-3630-2476</subfield>
    <subfield code="a">Hernández Martínez, Ascensión</subfield>
  </datafield>
  <datafield tag="700" ind1=" " ind2=" ">
    <subfield code="a">Gustrán Loscos, Carmen</subfield>
  </datafield>
  <datafield tag="700" ind1=" " ind2=" ">
    <subfield code="a">Touray Touray, Ceesay</subfield>
  </datafield>
  <datafield tag="700" ind1=" " ind2=" ">
    <subfield code="a">Chiara Damiani, Chiara</subfield>
  </datafield>
  <datafield tag="700" ind1=" " ind2=" ">
    <subfield code="0">(orcid)0000-0002-1611-2942</subfield>
    <subfield code="a">Villanueva Morte, Concepción</subfield>
  </datafield>
  <datafield tag="700" ind1=" " ind2=" ">
    <subfield code="a">Laborda Franca, Cristina</subfield>
  </datafield>
  <datafield tag="700" ind1=" " ind2=" ">
    <subfield code="0">(orcid)0000-0001-8471-9415</subfield>
    <subfield code="a">Escolano Pérez, Elena</subfield>
  </datafield>
  <datafield tag="700" ind1=" " ind2=" ">
    <subfield code="0">(orcid)0000-0002-1770-1167</subfield>
    <subfield code="a">Aguilar Miró, Estel Maria</subfield>
  </datafield>
  <datafield tag="700" ind1=" " ind2=" ">
    <subfield code="a">Tello Hernández, Esther</subfield>
  </datafield>
  <datafield tag="700" ind1=" " ind2=" ">
    <subfield code="a">Ekoue , Jobenia Ayoko</subfield>
  </datafield>
  <datafield tag="700" ind1=" " ind2=" ">
    <subfield code="0">(orcid)0000-0002-3983-7225</subfield>
    <subfield code="a">López Muñoz, Jonatan Jair</subfield>
  </datafield>
  <datafield tag="700" ind1=" " ind2=" ">
    <subfield code="0">(orcid)0000-0001-8433-8495</subfield>
    <subfield code="a">Marqués Meseguer, Josep Samuel</subfield>
  </datafield>
  <datafield tag="700" ind1=" " ind2=" ">
    <subfield code="0">(orcid)0000-0003-1980-5856</subfield>
    <subfield code="a">Lozano López, Juan Carlos</subfield>
  </datafield>
  <datafield tag="700" ind1=" " ind2=" ">
    <subfield code="a">Camara Ndiaye, Kadie</subfield>
  </datafield>
  <datafield tag="700" ind1=" " ind2=" ">
    <subfield code="0">(orcid)0000-0002-9994-230X</subfield>
    <subfield code="a">Abad Zardoya, María del Carmen</subfield>
  </datafield>
  <datafield tag="700" ind1=" " ind2=" ">
    <subfield code="a">Mercado Navarro, Maria Paola</subfield>
  </datafield>
  <datafield tag="700" ind1=" " ind2=" ">
    <subfield code="0">(orcid)0000-0001-7194-9537</subfield>
    <subfield code="a">Biel Ibáñez, María Pilar</subfield>
  </datafield>
  <datafield tag="700" ind1=" " ind2=" ">
    <subfield code="0">(orcid)0009-0002-8644-0615</subfield>
    <subfield code="a">Hernández Royo, Marina</subfield>
  </datafield>
  <datafield tag="700" ind1=" " ind2=" ">
    <subfield code="a">Malo Sanz, Mario</subfield>
  </datafield>
  <datafield tag="700" ind1=" " ind2=" ">
    <subfield code="0">(orcid)0000-0002-2506-6503</subfield>
    <subfield code="a">Juan García, Natalia</subfield>
  </datafield>
  <datafield tag="700" ind1=" " ind2=" ">
    <subfield code="a">Saulesleja , Sofía</subfield>
  </datafield>
  <datafield tag="700" ind1=" " ind2=" ">
    <subfield code="0">(orcid)0000-0001-7336-7215</subfield>
    <subfield code="a">Almazán Tomás, Vicente David</subfield>
  </datafield>
  <datafield tag="856" ind1="4" ind2=" ">
    <subfield code="s">3174723</subfield>
    <subfield code="u">http://zaguan.unizar.es/record/163345/files/memoria_PICT_2024_5333.pdf</subfield>
    <subfield code="y">Memoria del proyecto</subfield>
  </datafield>
  <datafield tag="970" ind1=" " ind2=" ">
    <subfield code="a">INNODOC-2024-5333</subfield>
  </datafield>
  <datafield tag="980" ind1=" " ind2=" ">
    <subfield code="a">INNODOC</subfield>
    <subfield code="b">PICT</subfield>
  </datafield>
</record>
</collection>